| 000 | 01101cam a2200325 i 4500 | ||
|---|---|---|---|
| 999 |
_c200438997 _d57209 |
||
| 001 | 200438997 | ||
| 003 | TR-AnTOB | ||
| 005 | 20201223111201.0 | ||
| 007 | ta | ||
| 008 | 181024s2017 tu o b 000 0 tur d | ||
| 020 |
_a9786059623261 _q(paperback) |
||
| 040 |
_aBGZ _beng _erda _cBGZ _dTR-AnTOB |
||
| 041 | 0 | _atur | |
| 050 | 1 | 4 |
_aDK924 _b.T8752 2017 |
| 090 |
_aDK924 _b.T8752 2017 |
||
| 100 | 1 |
_aTürk, Fahri, _d1969- _eauthor _9128889 |
|
| 245 | 1 | 0 |
_aTacikistan : _bgüneşin ayaklarındaki ülke / _cDoç. Dr. Fahri Türk. |
| 250 | _a1. Baskı. | ||
| 264 | 1 |
_aAnkara : _bAstana Yayınları, _c[2017]. |
|
| 300 |
_a268 pages : _bphotographs ; _c21 cm |
||
| 336 |
_atext _2rdacontent _btxt |
||
| 337 |
_aunmediated _2rdamedia _bn |
||
| 338 |
_avolume _2rdacarrier _bnc |
||
| 504 | _aIncludes bibliographical references (pages [261]-268). | ||
| 651 | 7 |
_aTacikistan _xGezi ve tanıtım _2etuturkob _9128891 |
|
| 651 | 7 |
_aTacikistan _xSosyal yaşam ve gelenekler _2etuturkob _9128892 |
|
| 651 | 7 |
_aTacikistan _xTarih _2etuturkob _9128893 _z20. yüzyıl |
|
| 942 |
_2lcc _cBK |
||